Statistics for US Presidential Nicknames (Complete)

Click here to take the quiz!

General Stats

  • This quiz has been taken 1,768 times
    (602 since last reset)
  • The average score is 22 of 45

Answer Stats

NicknamePresident% Correct
Honest AbeAbraham Lincoln
99%
JFKJohn F. Kennedy
95%
Father of His CountryGeorge Washington
93%
FDRFranklin D. Roosevelt
89%
IkeDwight D. Eisenhower
86%
Landslide LyndonLyndon B. Johnson
85%
Tricky DickRichard Nixon
84%
Give 'em Hell HarryHarry Truman
79%
Wobbly WarrenWarren G. Harding
75%
The Peanut FarmerJimmy Carter
74%
DubyaGeorge W. Bush
72%
Silent CalCalvin Coolidge
68%
Amtrak JoeJoseph Biden
67%
The DonDonald Trump
66%
Old HickoryAndrew Jackson
64%
Slick WillieBill Clinton
54%
Old TippecanoeWilliam H. Harrison
54%
The Great CommunicatorRonald Reagan
53%
The Hero of AppomattoxUlysses S. Grant
50%
The Apostle of DemocracyThomas Jefferson
49%
BarryBarack Obama
47%
His AccidencyJohn Tyler
42%
Young HickoryJames K. Polk
41%
Era of Good Feelings PresidentJames Monroe
41%
The Colossus of IndependenceJohn Adams
40%
His Little MajestyJames Madison
39%
Old Rough-and-ReadyZachary Taylor
35%
The Tennessee TailorAndrew Johnson
34%
Big LubWilliam H. Taft
34%
PoppyGeorge H. W. Bush
31%
His FraudulencyRutherford B. Hayes
31%
Young Hickory of the Granite HillsFranklin Pierce
29%
Mr. Nice GuyGerald Ford
29%
The LionTheodore Roosevelt
29%
Boatman JimJames A. Garfield
27%
Ten-cent JimmyJames Buchanan
27%
Old Man EloquentJohn Quincy Adams
25%
Uncle JumboGrover Cleveland
24%
The Little MagicianMartin van Buren
24%
The Human IcebergBenjamin Harrison
22%
The PhrasemakerWoodrow Wilson
22%
ChiefHerbert Hoover
21%
Gentleman BossChester A. Arthur
20%
The American Louis PhilippeMillard Fillmore
20%
The Napoleon of ProtectionWilliam McKinley
20%

Score Distribution

Percentile by Number Answered

Percent of People with Each Score

Your Score History

You have not taken this quiz since the last reset